Houghton Mifflin English : Grammar and composition
Contains 3 Parts (23 Units in all) of extensive English Grammar and Composition lessons. Part one includes Grammar Usage and Mechanics. Part two covers Composition. Part Three has lessons in Spelling, Vocabulary, Study Listening, Speaking, Library, and Test-Taking Skills.
Đã lưu trong:
| 主要作者: | |
|---|---|
| 格式: | 图书 |
| 语言: | Undetermined |
| 出版: |
Boston, Massachusetts
Houghton Mifflin
1986
|
| 主题: | |
| 标签: |
添加标签
没有标签, 成为第一个标记此记录!
|
| Thư viện lưu trữ: | Trung tâm Học liệu Trường Đại học Cần Thơ |
|---|
| LEADER | 00885nam a2200217Ia 4500 | ||
|---|---|---|---|
| 001 | CTU_43229 | ||
| 008 | 210402s9999 xx 000 0 und d | ||
| 082 | |a 808.06 | ||
| 082 | |b B877 | ||
| 100 | |a Brown, Ann Cole | ||
| 245 | 0 | |a Houghton Mifflin English : | |
| 245 | 0 | |b Grammar and composition | |
| 245 | 0 | |c Ann Cole Brown, Jeffrey Nilson, Richard A Weldon | |
| 260 | |a Boston, Massachusetts | ||
| 260 | |b Houghton Mifflin | ||
| 260 | |c 1986 | ||
| 520 | |a Contains 3 Parts (23 Units in all) of extensive English Grammar and Composition lessons. Part one includes Grammar Usage and Mechanics. Part two covers Composition. Part Three has lessons in Spelling, Vocabulary, Study Listening, Speaking, Library, and Test-Taking Skills. | ||
| 650 | |a English language | ||
| 650 | |x Composition and exercises | ||
| 904 | |i Minh | ||
| 980 | |a Trung tâm Học liệu Trường Đại học Cần Thơ | ||